• 首页
  • 本馆介绍
  • 公告通知
  • 最新文献
  • 馆藏检索
  • 电子资源
  • 读者导购
  • 参考咨询
  • 我的图书馆
  • 登录
  • 详细信息显示
  • 放入我的书架
  • 预约/预借图书
  • 作者相关作品
  • 分类相关作品
  • 丛书相关作品
  • 出版社相关作品

书目信息

  • 表格格式
  • 工作单格式
  • 卡片格式
题名:
探寻中国经济增长新动能
    
 
作者: 李峰 主编
分册:  
出版信息: 北京   中信出版集团股份有限公司  2018
页数: 386页
开本: 21cm
丛书名:
单 册:
中图分类: F124.1
科图分类:
主题词: 中国经济--经济增长--研究
电子资源:
ISBN: 978-7-5086-8550-2
000 00954nam0 2200229 450
001 012001001172
005 20140920091302.0
010    @a978-7-5086-8550-2@b精装@dCNY58.00
100    @a20180412d2018 em y0chiy50 ea
101 0  @achi
102    @aCN@b110000
105    @ay z 000yy
106    @ar
200 1  @a探寻中国经济增长新动能@9Tan Xun Zhong Guo Jing Ji Zeng Zhang Xin Dong Neng@e工银投行宏观经济与行业展望@f李峰主编
210    @a北京@c中信出版集团股份有限公司@d2018
215    @a386页@d21cm
330    @a本书聚焦宏观与资本市场、金融监管与创新、文教与医药、新技术与先进制造、基础与传统产业五大领域。分析师们力图以丰富的内容、翔实的数据为中国经济的发展态势、金融监管政策变化趋势把脉,并通过对新兴及传统产业的深度研究和对投资机会的挖掘,探寻驱动中国经济未来增长的薪动能。
606 0  @a中国经济@x经济增长@x研究
690    @aF124.1@v5
701  0 @a李峰@9Li Feng@4主编
801  0 @aCN@b上海新华@c20180901
905    @b1043109-13@dF124.1@e335@f5
    
    探寻中国经济增长新动能:工银投行宏观经济与行业展望/李峰主编.-北京:中信出版集团股份有限公司,2018
    386页;21cm
    
    
    ISBN 978-7-5086-8550-2(精装):CNY58.00
    本书聚焦宏观与资本市场、金融监管与创新、文教与医药、新技术与先进制造、基础与传统产业五大领域。分析师们力图以丰富的内容、翔实的数据为中国经济的发展态势、金融监管政策变化趋势把脉,并通过对新兴及传统产业的深度研究和对投资机会的挖掘,探寻驱动中国经济未来增长的薪动能。
●
相关链接 在E读中查询图书 在五车中查询图书 在当当中查询图书 在豆瓣中查询图书


正题名:探寻中国经济增长新动能     索取号:F124.1/335         预约/预借

序号 登录号 条形码 馆藏地/架位号 状态 备注
1 1043109   210431095   第一样本阅览室/ [索取号:F124.1/335] 在馆    
2 1043110   210431102   密集书库-海洋学院/ [索取号:F124.1/335] 在馆    
3 1043111   210431111   第一借阅区/ [索取号:F124.1/335] 在馆    
4 1043112   210431120   第一借阅区/ [索取号:F124.1/335] 在馆    
5 1043113   210431139   第一借阅区/ [索取号:F124.1/335] 在馆    
唐山师范学院图书馆 欢迎您!
大连网信软件有限公司© 版权所有